| 000 | 00386nam a2200133 a 4500 | ||
|---|---|---|---|
| 005 | 20140414131905.0 | ||
| 008 | 100923s19uu xx 00 eng d | ||
| 050 |
_aFIC _bSt4 2005 |
||
| 100 | _aStevenson, Robert Louis, 1850-1894. | ||
| 245 | _aTreasure island. | ||
| 260 |
_aKuala Lumpur, Malaysia : _bScholar's publications, _c2005. |
||
| 440 | _aIllustrated Classics | ||
| 999 |
_c110868 _d110868 |
||